000 01046cam a22003257a 4500
003 CHAP
005 20220329133459.0
008 971013s1992 r 00010 d
010 _a6882
011 _a7854
035 _a7079
040 _cCHAP
090 _aFolleto 14148
100 0 0 _aFlotte, Luis M.
_941880
245 1 3 _aEl carbón y su análisis petrográfico
260 _a(México, D.F.) :
_bComisión Federal de Electricidad,
_c1992
300 _a88 p.
490 0 _aComisión Federal de Electricidad. NC
_v; 8
590 _aBATCH-UPD
_b10
_c20130110
_lUCH01
_h0010
590 _aBATCH-UPD
_b10
_c20130110
_lUCH01
_h2118
590 _aBATCH-UPD
_b10
_c20130409
_lUCH01
_h1947
590 _aBATCH-UPD
_b10
_c20130410
_lUCH01
_h1428
590 _aBATCH-UPD
_b10
_c20130914
_lUCH01
_h0842
590 _aCONVERSION
_b10
_c20130109
_lUCH01
_h1305
650 1 4 _aCarbón
_xMéxico.
_918845
830 0 _aComisión Federal de Electricidad. NC
_v; 8
_925717
901 _aBK
942 _cFOLL
949 _aFolleto 14148
_bBC
_cFOLL
_d-16873
_eTS1
_i7079
_si
999 _c6882
_d6882